3 dimensions of successful investing : (Record no. 339022)
[ view plain ]
| 000 -LEADER | |
|---|---|
| fixed length control field | 00504nam a22001577a 4500 |
| 003 - CONTROL NUMBER IDENTIFIER | |
| control field | SISC |
| 005 - DATE AND TIME OF LATEST TRANSACTION | |
| control field | 20170711093546.0 |
| 008 - FIXED-LENGTH DATA ELEMENTS--GENERAL INFORMATION | |
| fixed length control field | 170711b xxu||||| |||| 00| 0 eng d |
| 020 ## - INTERNATIONAL STANDARD BOOK NUMBER | |
| International Standard Book Number | 9789810732455 |
| 050 ## - LIBRARY OF CONGRESS CALL NUMBER | |
| Classification number | HG 4521 |
| Item number | .SE446 2012 |
| 245 ## - TITLE STATEMENT | |
| Title | 3 dimensions of successful investing : |
| Remainder of title | SIAS investment guide book / |
| Statement of responsibility, etc | Richard C. Dyason. |
| 260 ## - PUBLICATION, DISTRIBUTION, ETC. (IMPRINT) | |
| Place of publication, distribution, etc | Singapore : |
| Name of publisher, distributor, etc | Securities Investors Association, |
| Date of publication, distribution, etc | 2012. |
| 300 ## - PHYSICAL DESCRIPTION | |
| Extent | 179 pages : |
| Other physical details | illustrations ; |
| Dimensions | 23 cm. |
| 650 ## - SUBJECT ADDED ENTRY--TOPICAL TERM | |
| Topical term or geographic name as entry element | Investments. |
| 942 ## - ADDED ENTRY ELEMENTS (KOHA) | |
| Source of classification or shelving scheme | Library of Congress Classification |
| Koha item type | Books |
| Withdrawn status | Lost status | Source of classification or shelving scheme | Damaged status | Home library | Current library | Shelving location | Date acquired | Source of acquisition | Sub Shelving location | Total Checkouts | Full call number | Barcode | Date last seen | Price effective from | Koha item type |
|---|---|---|---|---|---|---|---|---|---|---|---|---|---|---|---|
| Library of Congress Classification | College Library | College Library | Reserve Section | 07/11/2017 | Donation | HG 4521 .SE446 2012 | C21011 | 05/15/2018 | 07/11/2017 | Books |